[Event "Poznan op 28th"]
[Site "Poznan"]
[Date "2021.08.18"]
[Round "5"]
[White "Vasilieva, Maria"]
[Black "Zimochocki, Roman"]
[Result "1-0"]
[WhiteElo "1932"]
[BlackElo "1491"]
[PlyCount "93"]
[EventDate "2021.08.15"]
[EventType "swiss"]
[EventRounds "9"]
[EventCountry "POL"]
[SourceTitle "CBM 203 Extra"]
[Source "ChessBase"]
[SourceDate "2021.09.30"]
[SourceVersion "1"]
[SourceVersionDate "2021.09.30"]
[SourceQuality "1"]

1. d4 d5 2. Nf3 Nf6 3. c4 c6 4. Nc3 e6 5. Bg5 Be7 6. e3 b6 7. cxd5 Nxd5 8. Bxe7 Qxe7 9. Bd3 0-0 10. 0-0 Bb7 11. Nxd5 exd5 12. Qc2 g6 13. Ne5 Kg7 14. Rac1 f6 15. Nf3 Nd7 16. h4 c5 17. Qe2 c4 18. Bb1 f5 19. b3 b5 20. a4 a6 21. bxc4 dxc4 22. Qb2 Bxf3 23. gxf3 Rab8 24. d5+ Kg8 25. Qd4 Ne5 26. Kg2 Qd6 27. Rh1 Rbd8 28. e4 f4 29. h5 Rd7 30. h6 Qf6 31. Rcg1 Qd6 32. axb5 axb5 33. Ba2 Ra8 34. Qb2 b4 35. Rb1 Rb8 36. Rhc1 b3 37. Bxb3 Rxb3 38. Qa2 Rxb1 39. Rxb1 Nf7 40. Qxc4 Nxh6 41. Qc8+ Rd8 42. Qc1 Nf7 43. Rb7 Rd7 44. Qc8+ Kg7 45. Qxd7 Qf6 46. Qe6 h5 47. e5 1-0

[Event "POL-chT3 Wielkopolskie 1516"]
[Site "Poland"]
[Date "2016.02.07"]
[Round "5.12"]
[White "Vasilieva, Maria"]
[Black "Waligora, Julia"]
[Result "1/2-1/2"]
[WhiteElo "1944"]
[BlackElo "1276"]
[PlyCount "76"]
[EventDate "2016.01.10"]
[EventType "team-tourn"]
[EventRounds "11"]
[EventCountry "POL"]
[SourceTitle "EXT 2019"]
[Source "ChessBase"]
[SourceDate "2018.10.10"]
[SourceVersion "1"]
[SourceVersionDate "2018.10.10"]
[SourceQuality "1"]

1. d4 e6 2. Nf3 Nf6 3. c4 Bb4+ 4. Nc3 0-0 5. e3 d6 6. Bd2 Qe7 7. Bd3 e5 8. Ne4 Bxd2+ 9. Qxd2 a5 10. 0-0 Bg4 11. Nxf6+ Qxf6 12. dxe5 dxe5 13. Be2 Nc6 14. Rfd1 Rad8 15. Qc2 Rfe8 16. h3 Bf5 17. Qc3 h6 18. a3 Qe7 19. Rd5 Be4 20. Rdd1 Rd6 21. c5 Rg6 22. Kh1 Bxf3 23. Bxf3 Qh4 24. Bxc6 Rxc6 25. Rd2 a4 26. Rad1 b6 27. b4 axb3 28. Qxb3 Rxc5 29. Kg1 Rc6 30. Rd7 Qf6 31. Qb5 Rc2 32. R7d2 Qc6 33. Qd3 Rxd2 34. Qxd2 Re6 35. Rc1 Qa8 36. Rxc7 Qxa3 37. Rc8+ Kh7 38. Qd7 Qe7 1/2-1/2

[Event "Lublin Bezirk-ch"]
[Site "Lublin"]
[Date "2007.02.24"]
[Round "2"]
[White "Vasilieva, Maria"]
[Black "Praszak, Michal"]
[Result "0-1"]
[WhiteElo "2000"]
[BlackElo "2234"]
[PlyCount "86"]
[EventDate "2007.02.23"]
[EventType "swiss"]
[EventRounds "9"]
[EventCountry "POL"]
[SourceTitle "EXT 2011"]
[Source "ChessBase"]
[SourceDate "2010.11.26"]
[SourceVersion "1"]
[SourceVersionDate "2010.11.26"]
[SourceQuality "1"]

1. d4 c6 2. Nf3 Nf6 3. c4 b5 4. cxb5 cxb5 5. Qb3 Qb6 6. Nc3 a6 7. e4 Bb7 8. Bd3 e6 9. 0-0 Nc6 10. d5 Nb4 11. Bb1 exd5 12. exd5 Nbxd5 13. Re1+ Be7 14. Nxd5 Bxd5 15. Qd1 Be6 16. Be3 Bc5 17. Ng5 Bxe3 18. Rxe3 h6 19. Ne4 Nxe4 20. Bxe4 Rc8 21. Rg3 0-0 22. Qh5 Kh8 23. Qe5 f6 24. Qh5 Qc5 25. Qd1 f5 26. Bb7 Rc7 27. Rc3 Qb6 28. Rxc7 Qxc7 29. Qf3 Rb8 30. Bd5 Rc8 31. h3 Qe5 32. Bxe6 dxe6 33. Qb7 Rc2 34. Qxa6 Rxb2 35. Rd1 Qe2 36. Rf1 Rxa2 37. Qc8+ Kh7 38. h4 Rd2 39. g3 f4 40. Qe8 fxg3 41. h5 gxf2+ 42. Kg2 Qe4+ 43. Kh2 Rd3 0-1

[Event "EU-ch (Women) 6th"]
[Site "Kishinev"]
[Date "2005.06.16"]
[Round "6"]
[White "Cinar, Nilufer"]
[Black "Vasilieva, Maria"]
[Result "1/2-1/2"]
[WhiteElo "2037"]
[BlackElo "2124"]
[PlyCount "89"]
[EventDate "2005.06.11"]
[EventType "swiss"]
[EventRounds "12"]
[EventCountry "MDA"]
[SourceTitle "CBM 106 Extra"]
[Source "ChessBase"]
[SourceDate "2005.07.01"]
[SourceVersion "1"]
[SourceVersionDate "2005.07.01"]
[SourceQuality "1"]

1. e4 c6 2. d4 d5 3. exd5 cxd5 4. c4 Nf6 5. Nc3 Nc6 6. Nf3 Bg4 7. cxd5 Nxd5 8. Qb3 Nxc3 9. bxc3 Qb6 10. Be2 e6 11. Rb1 Qxb3 12. Rxb3 Na5 13. Bb5+ Kd8 14. Rb1 Bf5 15. Ra1 Bd6 16. 0-0 a6 17. Be2 Rc8 18. Bb2 Nc4 19. Bxc4 Rxc4 20. Nd2 Rc7 21. Rfe1 Bf4 22. Nf3 h5 23. Bc1 Bd6 24. Bd2 Ba3 25. c4 Kc8 26. Re3 Bb2 27. Rae1 Rxc4 28. Rb3 Bxd4 29. Nxd4 Rxd4 30. Rc1+ Kb8 31. Be3 Rd3 32. Bf4+ Ka8 33. Rb4 Rhd8 34. h3 Rd1+ 35. Rxd1 Rxd1+ 36. Kh2 Rd8 37. Rc4 f6 38. Rc7 g5 39. Be3 Bb1 40. a4 g4 41. hxg4 hxg4 42. Rf7 f5 43. Re7 Ba2 44. Kg3 Rc8 45. Kh4 1/2-1/2